Tiếng cười Tú Mỡ
Phê bình, đánh giá của nhiều nhà nghiên cứu văn học xuất sắc, nhà thơ nổi tiếng về giá trị thơ trào phúng của Tú Mỡ trước Cách mạng tháng Tám, trong kháng chiến chống Pháp và chống Mỹ ...; Một số hồi ức về Tú Mỡ
সংরক্ষণ করুন:
| অন্যান্য লেখক: | , , , , |
|---|---|
| বিন্যাস: | গ্রন্থ |
| ভাষা: | Vietnamese |
| প্রকাশিত: |
H.
Văn hóa Thông tin
2000
|
| মালা: | Thơ Việt Nam - Những lời bình
|
| বিষয়গুলি: | |
| ট্যাগগুলো: |
ট্যাগ যুক্ত করুন
কোনো ট্যাগ নেই, প্রথমজন হিসাবে ট্যাগ করুন!
|
| Thư viện lưu trữ: | Mạng thư viện Đại học Đà Nẵng |
|---|
| LEADER | 01648nam a2200409 4500 | ||
|---|---|---|---|
| 001 | 000004129 | ||
| 003 | 259 | ||
| 005 | 20121211001253.0 | ||
| 008 | 110715s2000 viesd | ||
| 020 | |c 52000đ | ||
| 041 | 0 | |a vie | |
| 082 | |a 895.9228 |b TU-M | ||
| 245 | 0 | |a Tiếng cười Tú Mỡ |c Mai Hương tuyển chọn, b.s., Vũ Ngọc Phan, Xuân Diệu.. | |
| 260 | |a H. |b Văn hóa Thông tin |c 2000 | ||
| 300 | |a 497 tr |c 21 cm | ||
| 490 | |a Thơ Việt Nam - Những lời bình | ||
| 520 | |a Phê bình, đánh giá của nhiều nhà nghiên cứu văn học xuất sắc, nhà thơ nổi tiếng về giá trị thơ trào phúng của Tú Mỡ trước Cách mạng tháng Tám, trong kháng chiến chống Pháp và chống Mỹ ...; Một số hồi ức về Tú Mỡ | ||
| 653 | |a Tú Mỡ | ||
| 653 | |a Văn học Việt Nam | ||
| 653 | |a Văn học hiện đại | ||
| 653 | |a Thơ trào phúng | ||
| 700 | |a Vũ Ngọc Phan |e Tác giả | ||
| 700 | |a Xuân Diệu |e Tác giả | ||
| 700 | |a Lê Thanh |e Tác giả | ||
| 700 | |a Hà Minh Đức |e Tác giả | ||
| 700 | |a Phạm Thế Ngũ |e Tác giả | ||
| 910 | |a Nguyễn Thị Kim Oanh |d 15/ 07/ 2011 | ||
| OWN | |a LSP | ||
| AVA | |a UDN50 |b LSP |d 895.9228 TU-M |e available |t Error 5001 Not defined in file expand_doc_bib_avail. |f 6 |g 0 |h N |i 1 |k 1 | ||
| 999 | |a From the UDN01 | ||
| AVA | |a UDN50 |b LSP |d 895.9228 TU-M |e available |t Error 5001 Not defined in file expand_doc_bib_avail. |f 6 |g 0 |h N |i 1 |k 1 | ||
| TYP | |a Monograph | ||
| TYP | |a Printed language | ||
| 980 | |a Mạng thư viện Đại học Đà Nẵng | ||